Sustainable biosphere iniciative (Registro nro. 13839)

Detalles MARC
000 -CABECERA
Campo de control 007950000a22002530004500
090 ## - CLASIFICACIÓN LOCAL
Colección AR
Consecutivo 04739
041 0# - IDIOMA
Código de idioma para texto/pista de sonido o título separado
100 1# - ASIENTO PRINCIPAL--NOMBRE PERSONAL
Nombre personal Lubchenco, Jane
245 10 - MENCION DE TITULO
Título Sustainable biosphere iniciative
Version an ecological research agenda
700 1# - ASIENTO SECUNDARIO - NOMBRE PERSONAL
Nombre personal Olson, Annette M.
700 1# - ASIENTO SECUNDARIO - NOMBRE PERSONAL
Nombre personal Brubaker, Linda B.
700 1# - ASIENTO SECUNDARIO - NOMBRE PERSONAL
Nombre personal Carpenter, Stephen R.
700 1# - ASIENTO SECUNDARIO - NOMBRE PERSONAL
Nombre personal Holland, Marjorie M.
700 1# - ASIENTO SECUNDARIO - NOMBRE PERSONAL
Nombre personal Hubbell, Stephey P.
700 1# - ASIENTO SECUNDARIO - NOMBRE PERSONAL
Nombre personal Levin, Simon A.
700 1# - ASIENTO SECUNDARIO - NOMBRE PERSONAL
Nombre personal MacMahon, James A.
700 1# - ASIENTO SECUNDARIO - NOMBRE PERSONAL
Nombre personal Peterson, Charles H.
700 1# - ASIENTO SECUNDARIO - NOMBRE PERSONAL
Nombre personal Pulliam, H. Ronald
700 1# - ASIENTO SECUNDARIO - NOMBRE PERSONAL
Nombre personal Real, Leslie A.
700 1# - ASIENTO SECUNDARIO - NOMBRE PERSONAL
Nombre personal Regal, Philip J.
700 1# - ASIENTO SECUNDARIO - NOMBRE PERSONAL
Nombre personal Risser, Paul G.
773 1# - Item fuente:
Título Ecology
Descripción física 2
Paginas del Articulo 371-412
Lugar, editorial y fecha de publicación 1991
Información sobre la relación 72
942 ## - ELEMENTOS ADICIONALES (KOHA)
Tipo de ítem Artículo
Existencias
Withdrawn status Lost status Damaged status No para préstamo Colección Ubicación Permanente Ubicación actual Fecha de adquisición Fuente de Valor Datos de publicación Seriada Total Checkouts Número topográfico Inventario / Código de Barras Date last seen Ejemplar Price effective from Forma de adquisición Tipo de material
      No para Préstamo Hemeroteca Bogotá Bogotá 12/05/2010 Escobar Sarria, Federico Fuera de circulación   AR 04739 028104 25/03/2015 1 25/03/2015   Artículo